| 000 | 00601nam a2200217Ia 4500 | ||
|---|---|---|---|
| 003 | GCL | ||
| 008 | 140319s9999 xx 000 0 eng d | ||
| 040 |
_aGCL / _cGCL |
||
| 082 | 0 | 4 |
_a658.409 _bW P |
| 100 | 1 | _aWATTS, GEORGE W. | |
| 245 | 1 | 0 |
_aPOWER VISION: HOW TO UNLOCK THE SIX DINENSIONS OF EXECUTIVE POTENTIAL / _cWATTS, GEORGE W. |
| 260 |
_a[S.N] : _bBUSNESS ONE INWIN ، _c1993 |
||
| 300 | _a208 P | ||
| 650 | 0 | 4 | _aMANAGEMENT |
| 650 | 0 | 4 | _aBUSINESS |
| 650 | 0 | 4 | _aDECISION - MAKING |
| 650 | 0 | 4 | _aCOMMUNICATION |
| 650 | 0 | 4 | _aDEVELOPING |
| 650 | 0 | 4 | _aDEVELOPING COUNTRIES |
| 942 |
_2ddc _cBK |
||
| 999 |
_c20100 _d20100 |
||